The sacred journey / (Record no. 20078)
[ view plain ]
| 000 -LEADER | |
|---|---|
| fixed length control field | 00922cam a22002531 4500 |
| 001 - CONTROL NUMBER | |
| control field | 9368542 |
| 003 - CONTROL NUMBER IDENTIFIER | |
| control field | BDDh-ASL |
| 005 - DATE AND TIME OF LATEST TRANSACTION | |
| control field | 20231015025837.0 |
| 008 - FIXED-LENGTH DATA ELEMENTS--GENERAL INFORMATION | |
| fixed length control field | 730119s1961 nyu 000 0 eng |
| 010 ## - LIBRARY OF CONGRESS CONTROL NUMBER | |
| LC control number | 61006920 |
| 035 ## - SYSTEM CONTROL NUMBER | |
| System control number | (OCoLC)543174 |
| 040 ## - CATALOGING SOURCE | |
| Original cataloging agency | DLC |
| Transcribing agency | OAU |
| Modifying agency | OCoLC |
| -- | DLC |
| -- | BDDh-ASL |
| 042 ## - AUTHENTICATION CODE | |
| Authentication code | premarc |
| 050 00 - LIBRARY OF CONGRESS CALL NUMBER | |
| Classification number | BP181 |
| Item number | .K3 |
| 082 ## - DEWEY DECIMAL CLASSIFICATION NUMBER | |
| Classification number | 297.38 |
| Item number | AHS |
| 100 1# - MAIN ENTRY--PERSONAL NAME | |
| Personal name | Kamal, Ahmad, |
| Dates associated with a name | 1914- |
| 245 14 - TITLE STATEMENT | |
| Title | The sacred journey / |
| Remainder of title | being pilgrimage to Makkah; the traditions, dogma and Islamic ritual that govern the lives and the destiny of more than five hundred million who call themselves Muslim: one seventh of mankind. |
| 260 ## - PUBLICATION, DISTRIBUTION, ETC. | |
| Place of publication, distribution, etc. | New York: |
| Name of publisher, distributor, etc. | Duell, Sloan and Pearce, |
| Date of publication, distribution, etc. | [1961] |
| 300 ## - PHYSICAL DESCRIPTION | |
| Extent | xx, 108, 115, 9 p. |
| Dimensions | 22 cm. |
| 650 #0 - SUBJECT ADDED ENTRY--TOPICAL TERM | |
| Topical term or geographic name entry element | Pilgrims and pilgrimages |
| Geographic subdivision | Saudi Arabia |
| -- | Mecca. |
| 740 0# - ADDED ENTRY--UNCONTROLLED RELATED/ANALYTICAL TITLE | |
| Uncontrolled related/analytical title | al-Riḥlah al-muqaddasah. |
| 906 ## - LOCAL DATA ELEMENT F, LDF (RLIN) | |
| a | 7 |
| b | cbc |
| c | oclcrpl |
| d | u |
| e | ncip |
| f | 19 |
| g | y-gencatlg |
| 942 ## - ADDED ENTRY ELEMENTS (KOHA) | |
| Source of classification or shelving scheme | Dewey Decimal Classification |
| Koha item type | Books |
| Withdrawn status | Lost status | Source of classification or shelving scheme | Damaged status | Not for loan | Collection code | Home library | Current library | Shelving location | Date acquired | Source of acquisition | Total Checkouts | Full call number | Barcode | Date last seen | Copy number | Price effective from | Koha item type |
|---|---|---|---|---|---|---|---|---|---|---|---|---|---|---|---|---|---|
| Dewey Decimal Classification | Non-fiction | Asiatic Society Library | Asiatic Society Library | General Stacks | 12/25/2020 | ASB Collection | 297.38 AHS | 103483 | 12/25/2020 | C-1 | 12/25/2020 | Books |